00472nam a22001217a 4500003000400000082001800004100002100022245024400043260003500287300000800322650001200330653000800342SGT a610.736bQ23B aBANSAL, AAYUSHI  aA QUASI-EXPERIMENTAL STUDY TO ASSESS THE EFFICACY OF EDUCATIONAL PACKAGE ON KNOWLEDGE AND COUNSELLING SKILL OF HEALTH CARE WORKERS AND QUALITY OF LIFE AMONG THE PATIENT DIAGNOSED WITH THE TUBERCULOSIS OF SELECTED DOTS CENTRES IN MEERUT, UP aGURUGRAMbSGT UNIVERSITYc2023 a291 aNURSING aPHD